| 000 | 00534nam a22001577a 4500 | ||
|---|---|---|---|
| 005 | 20260114111029.0 | ||
| 020 | _a9783319375670 | ||
| 100 |
_aMoller, Manfred _97932 |
||
| 245 | _aSpectral theory of operator pencils, hermite-biehler functions, and their applications | ||
| 260 |
_aNew York _bBirkhauser _c2015 |
||
| 300 | _axvii+412 | ||
| 490 | _aOperator theory: Advances and applications | ||
| 500 | _aOperator theory: Advances and applications Vol. 246 | ||
| 856 | _uhttps://doi.org/10.1007/978-3-319-17070-1 | ||
| 942 |
_2ddc _cBK |
||
| 999 |
_c755074 _d755074 |
||